| 000 | 00525nam a2200181Ia 4500 | ||
|---|---|---|---|
| 003 | GCL | ||
| 008 | 140319s9999 xx 000 0 ara d | ||
| 040 |
_aGCL / _cGCL |
||
| 082 | 0 | 4 |
_a813.01 _bم ا |
| 100 | 1 | _aفريدة النقاش | |
| 245 | 1 | 0 |
_aاربع قصص قصيرة / _cفريدة النقاش |
| 700 | 1 | _aمحمود الوردانى | |
| 300 | _a64 ص | ||
| 490 |
_aكتابات التقدم _v0 |
||
| 650 | 0 | 4 | _aالادب العربى |
| 650 | 0 | 4 | _aالقصص العربية القصيرة |
| 942 |
_2ddc _cBK |
||
| 999 |
_c40709 _d40709 |
||